Oscillations and waves (Record no. 651)

MARC details
000 -LEADER
Fixed length control field 00494nam a2200181 4500
003 - CONTROL NUMBER IDENTIFIER
Control field SEACOMEC
005 - DATE AND TIME OF LATEST TRANSACTION
Control field 20240217130038.0
008 - FIXED-LENGTH DATA ELEMENTS--GENERAL INFORMATION
Fixed length control field 240217b |||||||| |||| 00| 0 eng d
020 ## - INTERNATIONAL STANDARD BOOK NUMBER / ISBN
Price Rs.225.00
040 ## - CATALOGING SOURCE
Original cataloging agency SEACOMEC
082 ## - DEWEY DECIMAL CLASSIFICATION NUMBER
Classification number 531.32
Book Number R355
100 ## - MAIN ENTRY--PERSONAL NAME
Personal name Reddy,K.Rana
245 1# - TITLE STATEMENT
Title Oscillations and waves
Statement of responsibility K.Rana Reddy,S.B.Badani,V.Balsasubramanian
260 ## - IMPRINT
Place of publication Hyderabad
Name of publisher Universities press
Date of publication 1994
650 ## - SUBJECT ADDED ENTRY--TOPICAL TERM
Topical term Natural sciences,wave theories
700 ## - ADDED ENTRY--PERSONAL NAME
Personal name Badani,S.B.
942 ## - ADDED ENTRY ELEMENTS (KOHA)
Koha item type Books
Holdings
Withdrawn status Lost status Source of classification Damaged status Not for loan Home library Current library Date acquired Total Checkouts Call number Accession number Date last seen Copy number Price effective from Koha item type
    Dewey Decimal Classification     SEACOM ENGINEERING COLLEGE SEACOM ENGINEERING COLLEGE 08/06/2006   531.32 R355 02586 17/02/2024 10 17/02/2024 Books
    Dewey Decimal Classification     SEACOM ENGINEERING COLLEGE SEACOM ENGINEERING COLLEGE 08/06/2006   531.32 R355 02587 17/02/2024 11 17/02/2024 Books
    Dewey Decimal Classification     SEACOM ENGINEERING COLLEGE SEACOM ENGINEERING COLLEGE 08/06/2006   531.32 R355 02588 17/02/2024 12 17/02/2024 Books
    Dewey Decimal Classification     SEACOM ENGINEERING COLLEGE SEACOM ENGINEERING COLLEGE 08/06/2006   531.32 R355 02589 17/02/2024 13 17/02/2024 Books
    Dewey Decimal Classification     SEACOM ENGINEERING COLLEGE SEACOM ENGINEERING COLLEGE 08/06/2006   531.32 R355 02590 17/02/2024 14 17/02/2024 Books
    Dewey Decimal Classification     SEACOM ENGINEERING COLLEGE SEACOM ENGINEERING COLLEGE 08/06/2006   531.32 R355 02591 17/02/2024 15 17/02/2024 Books
    Dewey Decimal Classification     SEACOM ENGINEERING COLLEGE SEACOM ENGINEERING COLLEGE 08/06/2006   531.32 R355 02592 17/02/2024 16 17/02/2024 Books
    Dewey Decimal Classification     SEACOM ENGINEERING COLLEGE SEACOM ENGINEERING COLLEGE 08/06/2006   531.32 R355 02593 17/02/2024 17 17/02/2024 Books
    Dewey Decimal Classification     SEACOM ENGINEERING COLLEGE SEACOM ENGINEERING COLLEGE 08/06/2006   531.32 R355 02594 17/02/2024 18 17/02/2024 Books
    Dewey Decimal Classification     SEACOM ENGINEERING COLLEGE SEACOM ENGINEERING COLLEGE 08/06/2006   531.32 R355 02595 17/02/2024 19 17/02/2024 Books
© Seacom Engineering College, All rights reserved.      Powered by Koha